Informe Nº 29 (Registro nro. 1224)
[ vista simple ]
| 000 -LEADER | |
|---|---|
| fixed length control field | 01185 a2200277 4500 |
| 001 - CONTROL NUMBER | |
| control field | 24778 |
| 005 - DATE AND TIME OF LATEST TRANSACTION | |
| control field | 20260407155530.0 |
| 008 - FIXED-LENGTH DATA ELEMENTS--GENERAL INFORMATION | |
| fixed length control field | 260407a2009 arg spa d |
| 003 - CONTROL NUMBER IDENTIFIER | |
| control field | AR-UNSa-BCEJYS |
| 040 ## - CATALOGING SOURCE | |
| Original cataloging agency | AR-UNSa-BCEJYS |
| Language of cataloging | spa |
| Transcribing agency | AR-UNSa-BCEJYS |
| 080 ## - UNIVERSAL DECIMAL CLASSIFICATION NUMBER | |
| Universal Decimal Classification number | 657(083) |
| Common auxiliary subdivision | Resoluciones Técnicas Contables. Informes |
| 020 ## - INTERNATIONAL STANDARD BOOK NUMBER | |
| International Standard Book Number | 978-987-23906-3-1 |
| 041 ## - LANGUAGE CODE | |
| Language code of text/sound track or separate title | spa |
| 100 1# - MAIN ENTRY--PERSONAL NAME | |
| Personal name | Claros, Víctor Hugo |
| 245 10 - TITLE STATEMENT | |
| Title | Informe Nº 29 |
| Name of part/section of a work | Estado de flujo de efectivo |
| 264 #1 - PRODUCTION, PUBLICATION, DISTRIBUTION, MANUFACTURE, AND COPYRIGHT NOTICE | |
| Place of production, publication, distribution, manufacture | Buenos Aires : |
| Name of producer, publisher, distributor, manufacturer | FACPCE (Federación Argentina de Consejos Profesionales de Ciencias Económicas) |
| Date of production, publication, distribution, manufacture, or copyright notice | 2009 |
| 300 ## - PHYSICAL DESCRIPTION | |
| Extent | 120 p. |
| Dimensions | 22 cm. |
| 505 ## - FORMATTED CONTENTS NOTE | |
| Formatted contents note | 1. Introducción - 2. Objetivo - 3. Estructura - 4. Casos especiales de exposición - 5. Métodos para determinar los flujos de efectivo - |
| 590 ## - LOCAL NOTE (RLIN) | |
| Local note | niveau_biblio:m niveau_hierar:0 |
| 700 1# - ADDED ENTRY--PERSONAL NAME | |
| Personal name | Sturniolo, Felipe |
| 700 1# - ADDED ENTRY--PERSONAL NAME | |
| Personal name | Zgaib, Alfredo O. |
| 700 1# - ADDED ENTRY--PERSONAL NAME | |
| Personal name | Federación Argentina de Consejos Profesionales de Ciencias Económicas (FACPCE) |
| 700 1# - ADDED ENTRY--PERSONAL NAME | |
| Personal name | Centro de Estudios Científicos y Técnicos (CECYT) |
| 856 41 - ELECTRONIC LOCATION AND ACCESS | |
| Uniform Resource Identifier | <a href="https://biblioeco.unsa.edu.ar/pmb/images/libros/Estado de Flujo de Efectivo.jpg">https://biblioeco.unsa.edu.ar/pmb/images/libros/Estado de Flujo de Efectivo.jpg</a> |
| Link text | Imagen de portada |
| Electronic format type | image/jpeg |
| 942 ## - ADDED ENTRY ELEMENTS (KOHA) | |
| Koha item type | |
| Withdrawn status | Lost status | Damaged status | Not for loan | Home library | Current library | Shelving location | Date acquired | Total checkouts | Full call number | Barcode | Date last seen | Price effective from | Koha item type |
|---|---|---|---|---|---|---|---|---|---|---|---|---|---|
| Biblioteca Prof. Eusebio Cleto del Rey | Biblioteca Prof. Eusebio Cleto del Rey | 07/04/2026 | 657(083) C591 Inf.29 | L117878 | 07/04/2026 | 07/04/2026 | Libro | ||||||
| Biblioteca Prof. Eusebio Cleto del Rey | Biblioteca Prof. Eusebio Cleto del Rey | 07/04/2026 | 657(083) C591 Inf.29 | L117879 | 07/04/2026 | 07/04/2026 | Libro |